Trailblazing : (Record no. 345291)
[ view plain ]
| 000 -LEADER | |
|---|---|
| fixed length control field | 00726nam a2200265Ia 4500 |
| 008 - FIXED-LENGTH DATA ELEMENTS--GENERAL INFORMATION | |
| fixed length control field | 171120s9999 xx 000 0 und d |
| 020 ## - INTERNATIONAL STANDARD BOOK NUMBER | |
| International Standard Book Number | 9712717712 |
| 050 ## - LIBRARY OF CONGRESS CALL NUMBER | |
| Classification number | 621 |
| 050 ## - LIBRARY OF CONGRESS CALL NUMBER | |
| Item number | V433 2009 |
| 100 ## - MAIN ENTRY--PERSONAL NAME | |
| Personal name | Velasco, Geronimo Z. |
| 245 ## - TITLE STATEMENT | |
| Title | Trailblazing : |
| 245 ## - TITLE STATEMENT | |
| Remainder of title | the quest for energy self-reliance / |
| 245 ## - TITLE STATEMENT | |
| Statement of responsibility, etc | by Geronimo Z. Velasco ; edited by Maricris R. Valte. |
| 260 ## - PUBLICATION, DISTRIBUTION, ETC. (IMPRINT) | |
| Place of publication, distribution, etc | Philippines : |
| 260 ## - PUBLICATION, DISTRIBUTION, ETC. (IMPRINT) | |
| Name of publisher, distributor, etc | Anvil, |
| 260 ## - PUBLICATION, DISTRIBUTION, ETC. (IMPRINT) | |
| Date of publication, distribution, etc | 2006 |
| 300 ## - PHYSICAL DESCRIPTION | |
| Extent | 209 pages : |
| 300 ## - PHYSICAL DESCRIPTION | |
| Other physical details | illustrations ; |
| 650 ## - SUBJECT ADDED ENTRY--TOPICAL TERM | |
| Topical term or geographic name as entry element | Applied physics -- |
| 650 ## - SUBJECT ADDED ENTRY--TOPICAL TERM | |
| Topical term or geographic name as entry element | Philippine National Oil Company. |
| 650 ## - SUBJECT ADDED ENTRY--TOPICAL TERM | |
| Topical term or geographic name as entry element | Power resources -- |
| 650 ## - SUBJECT ADDED ENTRY--TOPICAL TERM | |
| General subdivision | Philippines. |
| 650 ## - SUBJECT ADDED ENTRY--TOPICAL TERM | |
| General subdivision | Power (Mechanics). |
| 700 ## - ADDED ENTRY--PERSONAL NAME | |
| Personal name | Valte, Maricris R. |
| Withdrawn status | Lost status | Damaged status | Home library | Current library | Date acquired | Total Checkouts | Full call number | Barcode | Date last seen | Price effective from | Koha item type |
|---|---|---|---|---|---|---|---|---|---|---|---|
| Stonyhurst Southville International School (Malarayat) | Stonyhurst Southville International School (Malarayat) | 11/20/2017 | FIL 621 V433 2009 | SSISM4335 | 11/20/2017 | 11/20/2017 | Books |